| 000 | 00970nam a22002057a 4500 | ||
|---|---|---|---|
| 999 |
_c61894 _d61894 |
||
| 003 | Ge_BSU | ||
| 005 | 20240604150233.0 | ||
| 008 | 240604s1998 ge ||||| |||| 00| 0 geo d | ||
| 041 | _ageo | ||
| 080 | _a330.1(075.8) ფ-67 | ||
| 100 |
_aფიშერი, ს. _912977 |
||
| 245 |
_aეკონომიკა (Economics) : 4 ტომად : _bტ. 4 / _cს. ფიშერი, რ. დორნბუში, რ. შმალენზი; [მთარგმნ. და პმგ რედ.: კარლო ღურწკაია]. |
||
| 264 |
_aთბილისი, _c1998. |
||
| 300 |
_a467 გვ. : _bცხრ., ნახ.; _c21 სმ. |
||
| 653 | _aეკონომიკა | ||
| 700 |
_aდორნბუში, რ., _eავტორი. _9434 |
||
| 700 |
_aშმალენზი, რ., _e ავტორი _9435 |
||
| 700 |
_aღურწკაია, კარლო _eრედაქტორი _93333 |
||
| 942 |
_2udc _cᲬᲘᲒᲜᲘ |
||